| 000 | 00787nam a2200241 u 4500 | ||
|---|---|---|---|
| 001 | 000062191 | ||
| 005 | 20200120224210.0 | ||
| 008 | 140716s1986 ck gr| 000 0 spa d | ||
| 041 | 0 | _aYspa | |
| 043 | _ac-k---- | ||
| 082 | 0 | 4 |
_a791.43 _bB62 _221 |
| 110 | 2 | _aMinisterio de Cultura | |
| 245 | 1 | 3 |
_aLa boda del acordeonista / _cdirección y guión Luis Fernando "Pacho" Bottía _h[Película] |
| 260 |
_aBogotá : _bMinisterio de Cultura, _c1986. |
||
| 300 |
_a1 dvd. (94 min) : _bson., col. ; _e12 cm. |
||
| 490 | 0 |
_aPlan Audiovisual Nacional _v19 |
|
| 650 | 1 | 7 |
_aLeyendas _xcine _2LEMB |
| 650 | 2 | 7 |
_aMujeres _xcine _2LEMB |
| 650 | 2 | 7 |
_aMúsica _xcine _2LEMB |
| 650 | 2 | 7 |
_aCine documental _2LEMB |
| 650 | 2 | 7 |
_aBoda _xcasamientos _xcine _2LEMB |
| 700 | 1 |
_aBottia, Luis Fernando "Pacho" _edirector |
|
| 999 |
_c8449 _d8449 |
||